00577nam a2200133Ia 4500008004100000100002000041245013800061245008900199260005300288260001800341300000800359650001500367856006100382170221s9999 xx 000 0 und d aMozhdeh Mokhber aImpact of Entrepreneurial Leadership on Organization Demand for Innovation: Moderating Role of Employees’ Innovative Self-Efficacy  cMozhdeh Mokhber, Gi G. Tan, Amin Vakilbashi, Nor Aiza Mohd Zamil, Rohaida Basiruddin bInternational Review of Management and Marketing cDecember 2014 a6:2 xMarketing. uhttp://www.econjournals.com/index.php/irmm/issue/view/82